00784cam a2200193 a 450000100100000000500170001000800410002702000150006804000250008310000330010824500720014126000350021330000210024850000590026958600340032895201050036295201060046799900170057300004215120201002035954.0000817s2006 pr 000 0 spa  a9580493219 aDO-SdBNPbspacBNHPU1 aLópez Nieves, Luis,96914613aLa verdadera muerte de Juan Ponce de León /cLuis López Nieves. a[Puerto Rico] :bNorma,c2006. a136 p. ;c22 cm. aIncluye datos biografícos en la solapa de la portada aPremio Nacional de Literatura 001050718MOaGRbGRcCTd2013-11-14iLF1l0o p42151-10r2020-06-25w2020-06-25y1ZNo se presta 0010507-18MOaPDbPDcOId2013-11-14iLF1l0o p42152-10r2020-06-25w2020-06-25y1ZNo se presta c41640d41640